[Event "Torino Sada op"]
[Site "Torino"]
[Date "2014.09.22"]
[Round "2"]
[White "Mantovan, Giuseppe"]
[Black "De Barberis, Massimo"]
[Result "0-1"]
[WhiteElo "1807"]
[BlackElo "2070"]
[PlyCount "33"]
[EventDate "2014.09.15"]
[EventType "swiss"]
[EventRounds "7"]
[EventCountry "ITA"]
[SourceTitle "EXT 2018"]
[Source "ChessBase"]
[SourceDate "2017.10.13"]
[SourceVersion "1"]
[SourceVersionDate "2017.10.13"]
[SourceQuality "1"]

1. d4 Nf6 2. c4 e6 3. Nc3 c5 4. d5 exd5 5. cxd5 d6 6. e4 g6 7. Bb5+ Bd7 8. Bd3 a6 9. a4 Bg7 10. f4 0-0 11. Nf3 Bg4 12. 0-0 Re8 13. f5 c4 14. Bc2 Nbd7 15. h3 Bxf3 16. Qxf3 Ne5 17. Qe2 0-1

[Event "Imperia op-A 56th"]
[Site "Imperia"]
[Date "2014.08.31"]
[Round "1"]
[White "Manfredi, Vincenzo"]
[Black "De Barberis, Massimo"]
[Result "0-1"]
[WhiteElo "2243"]
[BlackElo "2070"]
[PlyCount "58"]
[EventDate "2014.08.31"]
[EventType "swiss"]
[EventRounds "9"]
[EventCountry "ITA"]
[SourceTitle "EXT 2016"]
[Source "ChessBase"]
[SourceDate "2015.10.08"]
[SourceVersion "1"]
[SourceVersionDate "2015.10.08"]
[SourceQuality "1"]

1. d4 Nf6 2. Nf3 e6 3. Bg5 h6 4. Bh4 d6 5. c4 g5 6. Bg3 Ne4 7. Nc3 Nxg3 8. hxg3 Bg7 9. e3 Nc6 10. Be2 Bd7 11. Nd2 Ne7 12. Bf3 Bc6 13. Rc1 Bxf3 14. Qxf3 c6 15. g4 d5 16. cxd5 exd5 17. 0-0 0-0 18. Nb3 Qd6 19. Ne2 f5 20. gxf5 Nxf5 21. Qg4 Rae8 22. Nc5 b6 23. Nd3 Re4 24. f4 Nxe3 25. Qf3 Nxf1 26. Rxf1 Bxd4+ 27. Nxd4 Rxd4 28. f5 c5 29. f6 Qe6 0-1

[Event "Canadian op U2400"]
[Site "Montreal"]
[Date "2014.07.25"]
[Round "8"]
[White "Shi, Diwen"]
[Black "De Barberis, Massimo"]
[Result "1-0"]
[WhiteElo "1934"]
[BlackElo "2070"]
[PlyCount "50"]
[EventDate "2014.07.19"]
[EventType "swiss"]
[EventRounds "9"]
[EventCountry "CAN"]
[SourceTitle "EXT 2022"]
[Source "ChessBase"]
[SourceDate "2021.10.06"]
[SourceVersion "1"]
[SourceVersionDate "2021.10.06"]
[SourceQuality "1"]

1. e4 c6 2. d4 g6 3. Nc3 d5 4. e5 h5 5. Nf3 Bg4 6. Bd3 e6 7. h3 Bxf3 8. Qxf3 Nd7 9. Ne2 Ne7 10. Bg5 Qb6 11. 0-0-0 c5 12. c3 cxd4 13. cxd4 Nc6 14. Kb1 Bg7 15. Qe3 Nb4 16. g4 Rc8 17. Nf4 Nxd3 18. Qxd3 hxg4 19. hxg4 Rg8 20. Rc1 Rc6 21. Nxe6 fxe6 22. Rxc6 Qxc6 23. Rc1 Nxe5 24. dxe5 Qd7 25. Qxg6+ Kf8 1-0

[Event "Canadian op U2400"]
[Site "Montreal"]
[Date "2014.07.20"]
[Round "2"]
[White "Chabot, Roland"]
[Black "De Barberis, Massimo"]
[Result "1-0"]
[WhiteElo "2198"]
[BlackElo "2070"]
[PlyCount "51"]
[EventDate "2014.07.19"]
[EventType "swiss"]
[EventRounds "9"]
[EventCountry "CAN"]
[SourceTitle "EXT 2022"]
[Source "ChessBase"]
[SourceDate "2021.10.06"]
[SourceVersion "1"]
[SourceVersionDate "2021.10.06"]
[SourceQuality "1"]

1. d4 Nf6 2. c4 e6 3. Nc3 c5 4. d5 exd5 5. cxd5 d6 6. e4 g6 7. Bd3 Bg7 8. h3 0-0 9. Nf3 a6 10. a4 Nbd7 11. 0-0 Nh5 12. Bg5 Bf6 13. Be3 Rb8 14. Nd2 Re8 15. a5 Ng7 16. Nc4 Ne5 17. Nb6 Nd7 18. Nxd7 Bxd7 19. Qd2 Re7 20. Bf4 Be5 21. Bxe5 Rxe5 22. f4 Re8 23. f5 Bb5 24. Nxb5 axb5 25. f6 Nh5 26. Qf2 1-0

[Event "Imperia op-A 55th"]
[Site "Imperia"]
[Date "2013.09.05"]
[Round "7"]
[White "De Barberis, Massimo"]
[Black "Cugini, Verter"]
[Result "0-1"]
[WhiteElo "2102"]
[BlackElo "2041"]
[PlyCount "44"]
[EventDate "2013.09.01"]
[EventType "swiss"]
[EventRounds "9"]
[EventCountry "ITA"]
[SourceTitle "EXT 2015"]
[Source "ChessBase"]
[SourceDate "2014.11.20"]
[SourceVersion "1"]
[SourceVersionDate "2014.11.20"]
[SourceQuality "1"]

1. d4 d6 2. e4 Nf6 3. Nc3 g6 4. Be3 Bg7 5. h3 0-0 6. f4 Nbd7 7. Qf3 c6 8. 0-0-0 Qc7 9. e5 Ne8 10. Bd3 Rb8 11. g4 b5 12. h4 Bb7 13. h5 c5 14. Nd5 Bxd5 15. Qxd5 e6 16. Qg2 cxd4 17. hxg6 dxe3 18. gxf7+ Rxf7 19. Bxh7+ Kf8 20. Nf3 Rxf4 21. Ng5 Ke7 22. Bg6 Nxe5 0-1

[Event "Imperia op-A 55th"]
[Site "Imperia"]
[Date "2013.09.01"]
[Round "1"]
[White "De Barberis, Massimo"]
[Black "Dolezal, Radoslav"]
[Result "0-1"]
[WhiteElo "2102"]
[BlackElo "2368"]
[PlyCount "46"]
[EventDate "2013.09.01"]
[EventType "swiss"]
[EventRounds "9"]
[EventCountry "ITA"]
[SourceTitle "EXT 2015"]
[Source "ChessBase"]
[SourceDate "2014.11.20"]
[SourceVersion "1"]
[SourceVersionDate "2014.11.20"]
[SourceQuality "1"]

1. e4 c6 2. d4 d5 3. e5 Bf5 4. Nc3 e6 5. g4 Bg6 6. Nge2 c5 7. Nf4 cxd4 8. Qxd4 Nc6 9. Bb5 Nge7 10. h4 a6 11. Bxc6+ Nxc6 12. Qd1 d4 13. h5 Bxc2 14. Qxc2 dxc3 15. bxc3 Nxe5 16. Qe4 Qc7 17. Rh3 0-0-0 18. Rb1 Bc5 19. Ne2 Nc6 20. h6 g6 21. Bg5 Be7 22. Bf4 Qa5 23. Nd4 Rxd4 0-1

[Event "Imperia op-A 54th"]
[Site "Imperia"]
[Date "2012.09.09"]
[Round "9"]
[White "Pepino, Enrico"]
[Black "De Barberis, Massimo"]
[Result "0-1"]
[WhiteElo "2169"]
[BlackElo "2088"]
[PlyCount "80"]
[EventDate "2012.09.02"]
[EventType "swiss"]
[EventRounds "9"]
[EventCountry "ITA"]
[SourceTitle "EXT 2014"]
[Source "ChessBase"]
[SourceDate "2013.11.20"]
[SourceVersion "1"]
[SourceVersionDate "2013.11.20"]
[SourceQuality "1"]

1. d4 Nf6 2. c4 e6 3. Nf3 c5 4. d5 exd5 5. cxd5 d6 6. Nc3 g6 7. g3 Bg7 8. Bg2 0-0 9. 0-0 Qe7 10. Nd2 Nbd7 11. h3 Rb8 12. a4 a6 13. a5 Re8 14. Nc4 Ne5 15. Nb6 Ned7 16. Nxc8 Rexc8 17. e4 b5 18. axb6 Rxb6 19. Qc2 Rcb8 20. Kh2 Ne5 21. Nd1 Rb3 22. Rxa6 Nd3 23. Ra3 Nxc1 24. Qxc1 R3b4 25. Qc2 Nd7 26. b3 Bd4 27. Nc3 Qf6 28. Na2 R4b7 29. Rb1 Qxf2 30. Qxf2 Bxf2 31. Bf1 Ne5 32. Ra6 Rxb3 33. Rxb3 Rxb3 34. Rxd6 Rb2 35. Rd8+ Kg7 36. Bg2 Rxa2 37. Re8 Bd4 38. g4 h5 39. gxh5 gxh5 40. d6 h4 0-1

[Event "Imperia op-A 54th"]
[Site "Imperia"]
[Date "2012.09.05"]
[Round "4"]
[White "De Barberis, Massimo"]
[Black "Dolezal, Radoslav"]
[Result "0-1"]
[WhiteElo "2088"]
[BlackElo "2367"]
[PlyCount "86"]
[EventDate "2012.09.02"]
[EventType "swiss"]
[EventRounds "9"]
[EventCountry "ITA"]
[SourceTitle "EXT 2014"]
[Source "ChessBase"]
[SourceDate "2013.11.20"]
[SourceVersion "1"]
[SourceVersionDate "2013.11.20"]
[SourceQuality "1"]

1. e4 e5 2. Bc4 Nf6 3. Nc3 Bb4 4. Nge2 0-0 5. d3 d5 6. exd5 Nxd5 7. 0-0 Be6 8. Ne4 Be7 9. Bxd5 Bxd5 10. f4 exf4 11. Nxf4 Bc6 12. Be3 Nd7 13. Qg4 Ne5 14. Qh5 Ng6 15. Nxg6 hxg6 16. Qg4 Qd7 17. Qg3 Bxe4 18. dxe4 Qc6 19. Qf3 Rae8 20. e5 Bc5 21. Rae1 Qxf3 22. gxf3 Rxe5 23. Bxc5 Rxc5 24. c3 Rd8 25. Rf2 Rcd5 26. Rfe2 Kf8 27. Kf2 g5 28. Re7 R5d7 29. R7e2 Rd2 30. Kg3 Rxe2 31. Rxe2 Rd3 32. Kg4 f6 33. Rf2 Rd1 34. Kf5 Kf7 35. Re2 g6+ 36. Ke4 Ke6 37. Ke3 Kf5 38. Rg2 c5 39. b3 b6 40. Rf2 Re1+ 41. Kd2 Re6 42. Rg2 Kf4 43. Rg3 f5 0-1

[Event "Imperia op-A 54th"]
[Site "Imperia"]
[Date "2012.09.02"]
[Round "1"]
[White "De Barberis, Massimo"]
[Black "Svoboda, Svatopluk"]
[Result "0-1"]
[WhiteElo "2088"]
[BlackElo "2344"]
[PlyCount "50"]
[EventDate "2012.09.02"]
[EventType "swiss"]
[EventRounds "9"]
[EventCountry "ITA"]
[SourceTitle "EXT 2014"]
[Source "ChessBase"]
[SourceDate "2013.11.20"]
[SourceVersion "1"]
[SourceVersionDate "2013.11.20"]
[SourceQuality "1"]

1. e4 c6 2. d4 Na6 3. Nf3 g6 4. c3 Nc7 5. Be3 d5 6. e5 h5 7. Bd3 Nh6 8. 0-0 Bf5 9. Bxh6 Bxd3 10. Bxf8 Bxf1 11. Bxe7 Qxe7 12. Qxf1 Ne6 13. Qd3 0-0-0 14. Nbd2 Kb8 15. b4 g5 16. Nb3 g4 17. Nfd2 Nf4 18. Qe3 Qg5 19. a4 f6 20. b5 cxb5 21. axb5 b6 22. c4 fxe5 23. dxe5 d4 24. Qe4 Rhe8 25. Re1 d3 0-1

[Event "Torino Sada op"]
[Site "Torino"]
[Date "2011.10.10"]
[Round "4"]
[White "Digiugno, Franco"]
[Black "De Barberis, Massimo"]
[Result "1-0"]
[WhiteElo "2026"]
[BlackElo "2093"]
[PlyCount "73"]
[EventDate "2011.09.19"]
[EventType "swiss"]
[EventRounds "7"]
[EventCountry "ITA"]
[SourceTitle "EXT 2018"]
[Source "ChessBase"]
[SourceDate "2017.10.13"]
[SourceVersion "1"]
[SourceVersionDate "2017.10.13"]
[SourceQuality "1"]

1. Nf3 Nf6 2. c4 e6 3. g3 c5 4. Bg2 Be7 5. 0-0 0-0 6. d4 d5 7. cxd5 exd5 8. Nc3 Nc6 9. Bg5 c4 10. Ne5 Be6 11. e3 h6 12. Bxf6 Bxf6 13. f4 Bxe5 14. fxe5 a6 15. e4 Ne7 16. exd5 Nxd5 17. Qf3 Nxc3 18. bxc3 Qa5 19. d5 Bd7 20. Qe3 Rae8 21. Rf2 Qc7 22. Re1 b5 23. d6 Qc8 24. Qb6 Kh8 25. Bb7 Qb8 26. Qxa6 f6 27. Bg2 fxe5 28. Rxf8+ Rxf8 29. Rxe5 Rf6 30. Rd5 b4 31. Qxc4 bxc3 32. Be4 Qb2 33. Rd1 g6 34. Qd4 Kg7 35. Rf1 Bf5 36. Bxf5 gxf5 37. d7 1-0

[Event "Torino 150 Italy Unity op"]
[Site "Torino"]
[Date "2011.06.04"]
[Round "6"]
[White "Finocchiaro, Gianluca"]
[Black "De Barberis, Massimo"]
[Result "1/2-1/2"]
[WhiteElo "2151"]
[BlackElo "2079"]
[PlyCount "23"]
[EventDate "2011.05.31"]
[EventType "swiss"]
[EventRounds "9"]
[EventCountry "ITA"]
[SourceTitle "EXT 2014"]
[Source "ChessBase"]
[SourceDate "2013.11.20"]
[SourceVersion "1"]
[SourceVersionDate "2013.11.20"]
[SourceQuality "1"]

1. e4 c6 2. c4 d5 3. cxd5 cxd5 4. exd5 Nf6 5. Nc3 Nxd5 6. Nf3 Nc6 7. Bc4 e6 8. 0-0 Be7 9. d4 0-0 10. a3 Nxc3 11. bxc3 Bf6 12. Qe2 1/2-1/2

[Event "Torino 150 Italy Unity op"]
[Site "Torino"]
[Date "2011.06.03"]
[Round "5"]
[White "Pinkerton, James Carl"]
[Black "De Barberis, Massimo"]
[Result "1-0"]
[WhiteElo "2058"]
[BlackElo "2079"]
[PlyCount "57"]
[EventDate "2011.05.31"]
[EventType "swiss"]
[EventRounds "9"]
[EventCountry "ITA"]
[SourceTitle "EXT 2014"]
[Source "ChessBase"]
[SourceDate "2013.11.20"]
[SourceVersion "1"]
[SourceVersionDate "2013.11.20"]
[SourceQuality "1"]

1. Nf3 Nf6 2. d4 e6 3. g3 c5 4. Bg2 d5 5. 0-0 Nc6 6. c4 Be7 7. Nc3 0-0 8. cxd5 exd5 9. b3 Be6 10. Bb2 b6 11. Rc1 Rc8 12. e3 Bg4 13. Ne2 Qc7 14. h3 Bf5 15. Nf4 Rfd8 16. dxc5 Bxc5 17. Bxf6 gxf6 18. Nxd5 Qd6 19. Nd4 Nxd4 20. exd4 Ba3 21. Rxc8 Rxc8 22. Qf3 Bg6 23. h4 Rd8 24. h5 Bc2 25. Qc3 Bf5 26. b4 Be6 27. Nxf6+ Kg7 28. d5 Bxb4 29. Qa1 1-0

[Event "Turin Epifania op 36th"]
[Site "Turin"]
[Date "2011.01.09"]
[Round "6"]
[White "Giacometto, Mario"]
[Black "De Barberis, Massimo"]
[Result "0-1"]
[WhiteElo "1991"]
[BlackElo "2090"]
[PlyCount "100"]
[EventDate "2011.01.05"]
[EventType "swiss"]
[EventRounds "7"]
[EventCountry "ITA"]
[SourceTitle "EXT 2012"]
[Source "ChessBase"]
[SourceDate "2011.11.24"]
[SourceVersion "1"]
[SourceVersionDate "2011.11.24"]
[SourceQuality "1"]

1. d4 Nf6 2. c4 e6 3. Nc3 c5 4. d5 exd5 5. cxd5 d6 6. e4 g6 7. f4 Bg7 8. e5 Nfd7 9. Nb5 dxe5 10. Nd6+ Ke7 11. Nxc8+ Qxc8 12. fxe5 Nxe5 13. Nf3 Re8 14. Bb5 Nbd7 15. 0-0 Kf8 16. Bf4 a6 17. Bxe5 Bxe5 18. Ba4 b5 19. Bc2 Kg8 20. a4 Bxb2 21. Rb1 Bg7 22. axb5 axb5 23. Rxb5 Ne5 24. Nxe5 Bxe5 25. Qf3 Qd7 26. Rbb1 Rad8 27. d6 Bxd6 28. Rb7 Bc7 29. Ba4 Qd4+ 30. Kh1 Re7 31. Rxc7 Rxc7 32. Rd1 Re7 33. h3 Qxd1+ 34. Bxd1 Re1+ 35. Kh2 Rexd1 36. Qc3 R8d5 37. Qc2 h5 38. h4 R1d4 39. Kh3 c4 40. g3 Rg4 41. Qb2 Rd3 42. Qb8+ Kh7 43. Qf8 Rdxg3+ 44. Kh2 Rf3 45. Qa8 Rxh4+ 46. Kg2 Rhf4 47. Qc8 c3 48. Kg1 c2 49. Kh2 Rf2+ 50. Kh3 g5 0-1

[Event "Torino Sada op"]
[Site "Torino"]
[Date "2010.09.20"]
[Round "2"]
[White "Mantovan, Giuseppe"]
[Black "De Barberis, Massimo"]
[Result "0-1"]
[WhiteElo "1859"]
[BlackElo "2076"]
[PlyCount "68"]
[EventDate "2010.09.13"]
[EventType "swiss"]
[EventRounds "7"]
[EventCountry "ITA"]
[SourceTitle "EXT 2018"]
[Source "ChessBase"]
[SourceDate "2017.10.13"]
[SourceVersion "1"]
[SourceVersionDate "2017.10.13"]
[SourceQuality "1"]

1. d4 Nf6 2. c4 e6 3. Nc3 c5 4. d5 exd5 5. cxd5 d6 6. e4 g6 7. f4 Bg7 8. Nf3 0-0 9. Bd3 Re8 10. 0-0 Nbd7 11. a4 a6 12. Bd2 c4 13. Bc2 Rb8 14. e5 dxe5 15. fxe5 Nxe5 16. Nxe5 Rxe5 17. Bf4 Ng4 18. Qd2 Bd7 19. a5 Qe7 20. Bxe5 Bxe5 21. g3 f5 22. Rae1 Qc5+ 23. Kh1 Bd4 24. Bd1 Nf2+ 25. Kg2 Nd3 26. Re2 b5 27. h4 b4 28. Na4 Qxd5+ 29. Kh2 f4 30. Rxf4 Nxf4 31. Nb6 Qf5 32. Qxd4 Qh3+ 33. Kg1 Qxg3+ 34. Kh1 Bc6+ 0-1

[Event "Turin-ch"]
[Site "Turin"]
[Date "2009.11.16"]
[Round "2"]
[White "Barletta, Mauro"]
[Black "De Barberis, Massimo"]
[Result "1-0"]
[WhiteElo "2210"]
[BlackElo "2073"]
[PlyCount "105"]
[EventDate "2009.11.09"]
[EventType "swiss"]
[EventRounds "7"]
[EventCountry "ITA"]
[SourceTitle "EXT 2012"]
[Source "ChessBase"]
[SourceDate "2011.11.24"]
[SourceVersion "1"]
[SourceVersionDate "2011.11.24"]
[SourceQuality "1"]

1. e4 c5 2. c3 g6 3. d4 cxd4 4. cxd4 d5 5. Nc3 dxe4 6. Bc4 Nf6 7. Qb3 e6 8. d5 exd5 9. Nxd5 Bg7 10. Bg5 0-0 11. Rd1 Nbd7 12. Ne2 b5 13. Qxb5 Rb8 14. Qxb8 Nxb8 15. Nxf6+ Bxf6 16. Rxd8 Bxd8 17. Bxd8 Rxd8 18. Nc3 Kg7 19. Bd5 f5 20. g4 Nd7 21. gxf5 gxf5 22. Rg1+ Kf6 23. f4 Nc5 24. Bc4 Be6 25. Be2 Nd3+ 26. Bxd3 Rxd3 27. Rg3 Rxg3 28. hxg3 Ke7 29. Kd2 Kd6 30. b4 Bc4 31. Ke3 a6 32. Kd4 Be6 33. a3 Bb3 34. Nb1 h5 35. Nd2 Bd1 36. Nc4+ Kc6 37. Ne3 Bg4 38. a4 Bh3 39. Kc4 Bg4 40. b5+ axb5+ 41. axb5+ Kb6 42. Nd5+ Kb7 43. Kc5 Bh3 44. Ne3 Bg4 45. Nc4 Bh3 46. b6 Kb8 47. Kc6 Bg2 48. Ne3 Bh1 49. b7 Bf3 50. Kb6 Bh1 51. Nxf5 e3 52. Nxe3 Bxb7 53. f5 1-0

[Event "Torino Sada op"]
[Site "Torino"]
[Date "2008.10.20"]
[Round "6"]
[White "Faraoni, Enrico"]
[Black "De Barberis, Massimo"]
[Result "1-0"]
[WhiteElo "2117"]
[BlackElo "2101"]
[PlyCount "67"]
[EventDate "2008.09.15"]
[EventType "swiss"]
[EventRounds "7"]
[EventCountry "ITA"]
[SourceTitle "EXT 2018"]
[Source "ChessBase"]
[SourceDate "2017.10.13"]
[SourceVersion "1"]
[SourceVersionDate "2017.10.13"]
[SourceQuality "1"]

1. d4 Nf6 2. c4 e6 3. Nc3 c5 4. d5 exd5 5. cxd5 d6 6. e4 g6 7. f4 Bg7 8. e5 Ng4 9. Bb5+ Kf8 10. Nf3 dxe5 11. fxe5 Nxe5 12. 0-0 Bg4 13. Nxe5 Bxd1 14. Nxf7 Qh4 15. Bg5 Qd4+ 16. Kh1 Bg4 17. Rae1 Nd7 18. Nh6+ Nf6 19. Ne4 Bf5 20. Nxf5 gxf5 21. Rxf5 h6 22. Bd2 a6 23. Bc3 Qxc3 24. bxc3 axb5 25. Nxf6 Kf7 26. Nh5+ Kg6 27. Nxg7 Kxg7 28. d6 b6 29. Re7+ Kg6 30. g4 Rxa2 31. h4 h5 32. Re6+ Kg7 33. g5 Rd2 34. Re7+ 1-0